| 000 | 00589nam a2200169 4500 | ||
|---|---|---|---|
| 001 | 148112 | ||
| 003 | ES-MaACL | ||
| 005 | 20230906202434.0 | ||
| 007 | t| | ||
| 008 | 070214s1965 sp r ||||1| spa d | ||
| 100 | 1 |
_aStaehlin, Carlos María. _9107843 |
|
| 245 | 1 | 0 |
_aConcilio Vaticano II _b: decreto sobre los instrumentos de comunicación social / _ctexto y comentario de Carlos María Staehlin, Pascual Cebollada. |
| 260 |
_aMadrid : _bApostolado de la Prensa, _c1965. |
||
| 300 |
_a120 p. ; _c17 cm. |
||
| 700 | 1 |
_aCebollada, Pascual. _937289 |
|
| 852 |
_aES-MaACL _jC-29672 _bR.60009 |
||
| 999 |
_c148112 _d148112 |
||